Statystyki dla Imiona znanych Polek i Polaków #10

Kliknij tutaj aby rozwiązać quiz!

Ogólne statystyki

  • Ten quiz został rozwiązany 178 razy
  • Średni wynik to 10 z 15

Statystyki odpowiedzi

ImięNazwisko% Poprawnych
RoksanaWęgiel
92%
KamilGlik
87%
JózefWybicki
86%
StefanŻeromski
86%
JoannaKrupa
85%
DorotaRabczewska (Doda)
83%
PatriciaKazadi
78%
ElizaOrzeszkowa
77%
MartynaWojciechowska
76%
Maksymilian Maria (Rajmund)Kolbe
65%
WładysławGomułka
63%
WitoldPilecki
54%
ZbigniewBródka
45%
Bartosz/MichałJurecki
38%
EligiuszNiewiadomski
19%

Rozkład punktacji

Percentyl według liczby udzielonych odpowiedzi

Procent ludzi z każdym wynikiem

Twoja historia wyników

Nie rozwiązałeś tego quizu